[Event "Christmas Congress"]
[Site "?"]
[Date "1977.12.28"]
[Round "5"]
[White "Bailey, B."]
[Black "Murtola, T."]
[Result "1-0"]
[WhiteElo "1810"]
[BlackElo "1449"]
[Annotator "Stockfish 12 (20s)"]
[PlyCount "57"]

{C05: French Tarrasch: 3...Nf6 4 e5 Nfd7, 5 f4 and 5 Bd3 sidelines} 1. e4 e6 2.
d4 d5 3. Nd2 Nf6 4. e5 Nfd7 5. Ngf3 c5 6. c3 Nc6 7. Nb3 cxd4 8. cxd4 f6 9. exf6
Nxf6 10. Be2 (10. Bb5 Bd6 11. Bg5 O-O 12. O-O Bd7 13. Re1 Qc7 14. Bxf6 Rxf6 15.
Re3 Raf8 16. Bxc6 Bxc6 17. Nc5 Qc8 18. Qe2 Bd7 19. Rc1 b6 20. Nd3 Qb8 21. Nde5
Qb7 22. Re1 Bb4 23. Rc1 h6 24. a3 Bd6 {
Van Thillo,Q-Schut,D Hengelo 2004 1/2-1/2}) 10... Bd6 11. O-O O-O 12. Ng5 $146
(12. Re1 Bb4 13. Bd2 Qd6 14. a3 Bxd2 15. Qxd2 Ng4 16. h3 Nf6 17. Bd3 Bd7 18.
Re2 Rae8 19. Qc2 e5 20. dxe5 Nxe5 21. Nxe5 Rxe5 22. Rae1 Rfe8 23. Nd4 Rxe2 24.
Rxe2 Qf4 25. Rxe8+ Bxe8 26. Nf3 Bd7 {Vojir,V-Korinek,B Plzen 1999 1/2-1/2 (44)}
) (12. Bg5 $5 $14) 12... e5 (12... a5 13. a4 $11) 13. dxe5 $11 Nxe5 14. Nd4 Qe7
15. Re1 (15. Nb5 $142 Bc5 16. Bf4 $11) 15... Bg4 $4 (15... h6 $142 $5 16. Ngf3
Nfg4 $15) 16. Bxg4 (16. f4 h6 17. Bxg4 (17. fxe5 $6 Qxe5 18. g3 Bc5 19. Bxg4
Qxd4+ 20. Be3 Qxd1 21. Be6+ Kh8 22. Raxd1 Bxe3+ 23. Rxe3 hxg5 $16) 17... Nfxg4
18. fxe5 Bxe5 19. Ngf3 $18 (19. Qxg4 $4 Bxd4+ 20. Be3 Bxe3+ 21. Kh1 hxg5 $19))
16... Nfxg4 $16 17. f4 Qf6 18. fxe5 $4 (18. h3 $5 Bc5 19. hxg4 $14) 18... Qf2+
(18... Bxe5 $142 19. Ngf3 Bxh2+ 20. Kh1 Qg6 21. Nxh2 Nf2+ 22. Kg1 Nxd1 23. Rxd1
Rae8 $19) 19. Kh1 $14 Qh4 $4 (19... Bc5 $142 20. h3 Qh4 $11) 20. Nh3 (20. Ngf3
$142 Qh5 21. Be3 Bxe5 $18) 20... Bxe5 21. Bg5 (21. Re2 Nf2+ 22. Rxf2 Rxf2 $18)
21... Qxh3 (21... Nf2+ 22. Kg1 Nxh3+ 23. Kh1 Rf1+ 24. Rxf1 Nf2+ 25. Kg1 Bxh2#)
22. gxh3 $18 Nf2+ 23. Kg1 (23. Kg2 Nxd1 24. Raxd1 Rae8 $18) 23... Nxd1 24. Rxe5
(24. Raxd1 Rae8 25. Bh4 g6 $18) 24... Nxb2 25. Rxd5 (25. Rb1 Nc4 26. Re7 b6 $18
) 25... b6 (25... h6 26. Bh4 Rae8 27. Rc1 $18) 26. Rc1 (26. Nf5 Na4 27. Kh1 h6
$18) 26... Rf7 (26... h6 27. Be3 Rf7 28. Rf1 $18) 27. Rf1 (27. Nf5 $142 Nd3 28.
Rf1 $18 (28. Rxd3 $143 Rxf5 29. Rg3 Kh8 $18)) 27... Rc7 (27... Rxf1+ 28. Kxf1
h6 29. Be3 $18) 28. Ne6 (28. Nf5 $142 Nc4 29. Rf4 h6 $18) 28... Rc2 (28... Rf7
$18) 29. Rd7 (29. Rd7 Re2 30. Rxg7+ Kh8 31. Bf6 Rxe6 32. Bxb2 Re2 33. Ba1 Rxa2
34. Bf6 Rf8 35. Rg4+ Rxf6 36. Rxf6 Ra1+ 37. Kf2 Ra2+ 38. Kg3 Ra3+ 39. Kh4 Rf3
40. Rxf3 h5 41. Kxh5 b5 42. Rf6 b4 43. Rh6#) 1-0

[Event "Oregon Open"]
[Site "?"]
[Date "1978.09.02"]
[Round "1"]
[White "Prowell, G."]
[Black "Bailey, B."]
[Result "0-1"]
[WhiteElo "1351"]
[BlackElo "1798"]
[Annotator "Stockfish 12 (20s)"]
[PlyCount "72"]

{D20: Queen's Gambit Accepted: 3 e3 and 3 e4} 1. d4 d5 2. c4 dxc4 3. e4 e5 4.
Qa4+ $146 (4. Bxc4 Qxd4 5. Qb3 (5. Qxd4 exd4 6. Nf3 Nc6 (6... c5 7. Ng5 Be6 8.
Bxe6 fxe6 9. Nxe6 Kd7 10. Nxf8+ Ke7 11. Nxh7 Rxh7 12. Bg5+ Nf6 13. e5 Nc6 14.
exf6+ gxf6 15. Bf4 Ne5 16. Nd2 Nd3+ 17. Kf1 Nxf4 18. h4 Re8 19. g3 Nd3 20. f3
Kd8 21. b3 {Finkenzeller,A (2270)-Mitchell,J London,Canada 1996 1-0 (39)}) 7.
Bf4 Bb4+ 8. Nbd2 Nf6 9. O-O Ba5 10. Nb3 Bb6 11. h3 O-O 12. e5 Nd7 13. Rad1 h6
14. Rfe1 Re8 15. Nbxd4 Nxd4 16. Nxd4 Nf8 17. Bg3 Ba5 18. Re3 c6 19. Rf3 Re7 {
Kovacs,T (2160)-Szilagyi,T (2098) Hungary 2003 1-0 (36)}) (5. Qc2 Bb4+ 6. Bd2
Bxd2+ 7. Nxd2 Ne7 8. Ngf3 Qd6 9. Rd1 O-O 10. Nf1 Qf6 11. Ne3 c6 12. Qe2 Nd7 13.
h3 Nb6 14. Bb3 Ng6 15. Nh2 Qe7 16. O-O Be6 17. Bxe6 Qxe6 18. b3 Rad8 19. Nf5
Ne7 {Cawdery,D-Peterson,D Duisburg 1992 1-0 (32)}) 5... Qxe4+ 6. Ne2 (6. Be3
Qg6 7. Nf3 Bd6 8. Nc3 Nf6 9. O-O-O O-O 10. Nb5 Ne8 11. Nxa7 Nc6 12. Nxc8 Na5
13. Qa4 Qxg2 14. Bd5 Nf6 15. Ng5 Nxd5 16. Rdg1 Nxe3 17. Rxg2 Nxg2 18. Qe4 g6
19. Nxd6 cxd6 20. Qxg2 Nc4 {Nasri,A (2275)-Sepehrkhoui,A Teheran 2001 1-0 (42)}
) 6... Qg6 7. O-O Bd6 8. f4 Nc6 9. fxe5 Nxe5 10. Nf4 Qg4 11. Be2 Qd7 12. Nh5 f6
13. Bf4 Qf7 14. Qg3 g6 15. Qh4 Bf5 16. Bh6 O-O-O 17. Bg7 Bc5+ 18. Kh1 Rd4 {
Meyer,F-Woleben,D USA 1915 0-1}) (4. Nf3 $5 exd4 5. Bxc4 $11) 4... Qd7 (4... c6
$5 5. Qxc4 Qxd4 $17) 5. Qxd7+ $15 Nxd7 6. d5 (6. Nf3 Ngf6 7. Nxe5 Nxe4 8. Bxc4
Bb4+ 9. Ke2 O-O $11) 6... Ngf6 (6... b5 7. a4 Ngf6 $17) 7. Nc3 (7. f3 $142 $5
b5 8. b3 $17) 7... Bb4 8. f3 Nb6 9. Bd2 Bd7 (9... c6 10. dxc6 bxc6 11. Rc1 $19)
10. O-O-O (10. Nb1 Bd6 11. Na3 Bxa3 12. bxa3 O-O-O $17) 10... c6 11. Be1 $4 (
11. dxc6 $142 Bxc6 12. Nge2 $19) 11... cxd5 12. Nxd5 Nfxd5 13. exd5 Bxe1 14.
Rxe1 f6 (14... O-O-O $142 15. Rxe5 Rhe8 16. Rxe8 Rxe8 17. Kd2 $19) 15. Rd1 (15.
f4 O-O 16. fxe5 Nxd5 17. Nf3 $19) 15... Rc8 (15... Ba4 $142 16. Rd2 Rd8 17. d6
$19) 16. Ne2 Na4 17. Nc3 (17. f4 c3 18. bxc3 Nxc3 19. Nxc3 Rxc3+ 20. Kb2 Re3
21. fxe5 Rxe5 $19) 17... Nxc3 18. bxc3 Ke7 (18... Ba4 19. Re1 Kd7 20. g3 $19)
19. Be2 (19. d6+ Kd8 $19) 19... Kd6 20. Rd2 Rc5 21. Rb2 (21. h4 h6 $19) 21...
b6 (21... b5 22. Rd1 $19) 22. Rd1 (22. g4 Rhc8 $19) 22... Rhc8 23. Rb4 (23. g4
Ba4 24. Rdd2 Rxd5 25. Rxd5+ Kxd5 $19) 23... Be8 (23... Bf5 24. g4 Bd3 25. Rb2
$19) 24. Rd2 Bf7 25. Ra4 (25. h4 Rxd5 26. a4 Rxd2 27. Kxd2 Rb8 $19) 25... R8c7
(25... a5 $142 26. Rb2 Be8 27. Rxb6+ Kc7 28. Rc6+ Bxc6 29. dxc6 $19) 26. Kc2 (
26. Rb2 Bxd5 27. Rab4 Re7 $19) 26... a5 27. Bxc4 (27. Kc1 Be8 28. Ra3 Ra7 $19)
27... Rxc4 28. Rxc4 Rxc4 29. Kd3 (29. a3 Bxd5 30. Rd3 Kc5 $19) 29... Bxd5 30.
Rb2 Kc5 31. Rb1 Ra4 32. Rb2 Rxa2 33. Rxa2 Bxa2 34. h3 Bb1+ 35. Kd2 (35. Ke2 a4
36. h4 a3 37. f4 exf4 38. g3 a2 39. gxf4 a1=Q 40. h5 Qa2+ 41. Kf3 Qh2 42. f5
Bc2 43. h6 Bd1+ 44. Ke4 Qe2+ 45. Kf4 Qf3#) 35... Kc4 36. g3 (36. h4 Bd3 37. f4
a4 38. fxe5 fxe5 39. h5 a3 40. h6 g5 41. Ke3 a2 42. Kf3 a1=Q 43. Kg4 Qf1 44. g3
Qf5+ 45. Kh5 Be2+ 46. g4 Bxg4#) 36... a4 (36... a4 37. Kc1 Bd3 38. Kb2 f5 39.
h4 e4 40. fxe4 fxe4 41. h5 e3 42. h6 gxh6 43. g4 e2 44. g5 e1=Q 45. g6 Qb1+ 46.
Ka3 Qa1#) 0-1

[Event "Oregon Open"]
[Site "?"]
[Date "1978.09.02"]
[Round "2"]
[White "Bailey, B."]
[Black "Crandall, T."]
[Result "1-0"]
[WhiteElo "1798"]
[BlackElo "1559"]
[Annotator "Stockfish 12 (20s)"]
[PlyCount "41"]

{B93: Sicilian Najdorf: 6 f4} 1. e4 c5 2. f4 d6 3. Nf3 Nc6 4. d4 cxd4 5. Nxd4
Nf6 6. Nc3 a6 7. Be2 g6 8. Be3 Bg7 9. O-O O-O 10. Qd2 Ng4 11. Bxg4 Bxg4 12. f5
Nxd4 (12... Ne5 13. b3 Rc8 14. Nd5 Nc6 15. c4 e6 16. f6 exd5 17. fxg7 Re8 18.
exd5 Ne5 19. h3 Bd7 20. Bg5 Qb6 21. Kh1 f5 22. Nf3 Qc5 23. Bf6 Nf7 24. Bd4 Qc7
25. a4 Re4 26. Rae1 Rce8 27. Rxe4 {
Ljuboschitz,A (2204)-Fuhs,J Oberaussem 1999 1-0 (38)}) 13. Bxd4 Bxd4+ $146 (
13... e5 14. Be3 Qh4 15. Bg5 Qh5 16. h3 Bxh3 17. gxh3 Qxh3 18. Qg2 Qxg2+ 19.
Kxg2 f6 20. Be3 g5 21. Rad1 Rfd8 22. Rd3 b5 23. a3 Rac8 24. Rfd1 Bf8 25. R1d2
h5 26. Nd5 Kf7 27. Bb6 Rd7 28. Ba5 {
Semmelhaack,E-Luckow,H Schleswig Holstein 1989 1-0 (34)}) (13... e5 14. Be3
gxf5 15. exf5 $18) 14. Qxd4 gxf5 (14... Bh5 15. Nd5 f6 $18) 15. exf5 Bh5 16.
Qh4 Qb6+ (16... Bg6 17. Nd5 e6 18. Nf6+ Qxf6 19. Qxf6 exf5 20. Qxd6 $18) 17.
Kh1 Qxb2 18. Nd5 (18. Qxh5 $6 Qxc3 19. Qg5+ Kh8 20. Qxe7 Rae8 21. Qxb7 Re2 $11)
18... Be2 (18... Kh8 19. Nxe7 Rfe8 20. Rae1 $18 (20. Qxh5 $6 Rxe7 21. Rab1 Qe5
$11 (21... Qxa2 $4 22. Qh4 f6 23. Qxf6+ Rg7 24. Rxb7 $18) (21... Qxc2 22. Qg5
Rg8 23. Qf6+ Rg7 24. Qxg7+ Kxg7 25. f6+ Kf8 26. fxe7+ Kxe7 27. Rxb7+ Ke6 28.
Rbxf7 $16))) 19. Nxe7+ (19. Rab1 Qg7 20. Nxe7+ Kh8 $18) 19... Kh8 (19... Kg7
20. Rfe1 Qf6 21. Qxf6+ Kxf6 22. Rxe2 $18) 20. Rab1 Qxc2 (20... Qe5 21. Rbe1 Rg8
22. Nxg8 Rxg8 $18) 21. Qf6# 1-0

[Event "Oregon Open"]
[Site "?"]
[Date "1978.09.03"]
[Round "3"]
[White "Waterman, D."]
[Black "Bailey, B."]
[Result "1-0"]
[WhiteElo "2189"]
[BlackElo "1798"]
[Annotator "Stockfish 12 (15s)"]
[PlyCount "55"]

{A50: Queen's Fianchetto Defence (1 d4 Nf6 2 c4 b6)} 1. c4 Nc6 2. d4 e5 3. d5
Nce7 4. Nc3 Nf6 5. e4 Ng6 6. Nge2 Bc5 7. f3 (7. Ng3 d6 8. Be2 Nf4 9. O-O Nxe2+
10. Qxe2 Ng4 11. h3 Qh4 12. Qf3 Nh6 13. Nh5 O-O 14. Bxh6 gxh6 15. Nf6+ Kg7 16.
Nh5+ Kh8 17. Nf6 Kg7 18. Nh5+ Kh8 {
1/2-1/2 (18) Strunsky,A (2188)-Holzhaeuer,M (2345) Balingen 2006}) 7... d6 8.
Na4 $146 (8. b4 Bb6 9. Na4 O-O 10. Nxb6 axb6 11. Bg5 (11. Ng3 Bd7 12. b5 Ne8
13. a4 Nf4 14. Qc2 Qh4 15. Be3 f5 16. Bf2 fxe4 17. Nxe4 Qe7 18. h4 Nf6 19.
Nxf6+ Qxf6 20. O-O-O Bf5 21. Qb3 e4 22. Bd4 Qg6 23. h5 Qg3 24. Rd2 Nd3+ 25.
Bxd3 exd3 {Krueger,D (1810)-Cristobal,M (2136) Villa Carlos Paz 2004 1-0 (57)})
11... h6 12. Be3 Nh5 13. Qd2 Qf6 14. Nc3 Nh4 15. Nb5 Nf4 16. a3 Bh3 17. Bxf4
exf4 18. Ra2 Rfc8 19. Kf2 Bd7 20. Be2 Qg5 21. Rg1 f5 22. Bd3 Ng6 {
Ungureanu,E (2410)-Rossetto,H (2465) Lugano 1968 1/2-1/2}) (8. Bd2 a6 9. Qc2
O-O 10. Nc1 Nh5 11. Nd3 Qh4+ 12. Kd1 Ba7 13. Be1 Qe7 14. g4 Nhf4 15. h4 h5 16.
gxh5 Nxh5 17. Qh2 f5 18. Kc2 Ngf4 19. Rd1 Bd7 20. Nxf4 exf4 21. Bd3 b5 22. Kb1
Rab8 {Schulze,H (2211)-Huber,D (2073) Aschach 2002 1-0 (78)}) 8... Bb6 (8...
Bb4+ $5 9. Nec3 c6 $14) 9. Nxb6 $16 axb6 10. Be3 (10. h4 h5 $16) 10... Nh5 (
10... Nd7 $142 $16) 11. g4 $4 (11. Qd2 $142 $16) 11... Nhf4 $15 12. Nxf4 (12.
h4 Nxe2 13. Qxe2 Nxh4 14. Qf2 $15) 12... Nxf4 (12... exf4 13. Bd4 Qh4+ 14. Bf2
$17) 13. Qd2 $4 (13. h4 Qf6 $14) 13... Ng6 (13... h5 $142 14. gxh5 Qh4+ 15. Qf2
Qxh5 $17) 14. Be2 $11 Bd7 (14... Qh4+ 15. Bf2 Qe7 16. Be3 $11) 15. a3 (15. h4
$142 h5 16. g5 $11) 15... f6 (15... Qh4+ $5 16. Bf2 Qe7 $11) 16. O-O-O (16. h4
h5 17. O-O-O Qe7 $16) 16... O-O (16... Nh4 $142 $5 $16) 17. h4 $18 Ne7 (17...
h6 18. Rdg1 $18) 18. h5 Qe8 (18... h6 19. Bd3 $18) 19. Kb1 (19. Rhg1 Rf7 $18)
19... Qd8 (19... h6 20. Rhg1 $18) 20. Rdg1 Qe8 $2 (20... h6 21. Bd3 $18) 21.
Bd3 Kh8 (21... Rf7 22. g5 fxg5 23. Bxg5 $18) 22. Rh2 (22. f4 Ng8 23. g5 fxg5
24. fxg5 Qe7 $18) 22... Bc8 (22... Ng8 23. Rhg2 $18) 23. Bc2 (23. f4 $5 Ng8 $18
) 23... Bd7 24. Qg2 (24. f4 $142 Ng8 $18) 24... Rg8 (24... Ng8 $18) 25. f4 exf4
26. Bd4 (26. Bxf4 Ba4 27. b3 Bxb3 28. Bxb3 Rxa3 $18) 26... c5 (26... h6 27. Qf3
$18) 27. Bc3 Qf7 28. g5 (28. g5 h6 29. g6 $18) 1-0

[Event "Oregon Open"]
[Site "?"]
[Date "1978.09.03"]
[Round "4"]
[White "Bailey, B."]
[Black "Runne, J."]
[Result "1/2-1/2"]
[WhiteElo "1798"]
[BlackElo "1586"]
[Annotator "Stockfish 12 (15s)"]
[PlyCount "72"]

{B21: Sicilian: 2 f4 and Morra Gambit} 1. e4 c5 2. f4 e6 3. Nf3 d5 4. exd5 exd5
5. Bb5+ Bd7 6. Bxd7+ Nxd7 7. O-O Ngf6 $146 (7... Bd6 8. Nc3 (8. d4 Ne7 9. Nc3
O-O 10. Kh1 Nf6 11. Be3 Rc8 12. Bg1 c4 13. Ne5 Bb4 14. Ne2 Ne4 15. f5 f6 16.
Ng4 Qd7 17. c3 Bd6 18. Ne3 g6 19. Qc2 gxf5 20. g3 Kh8 21. Ng2 f4 22. Nexf4 Bxf4
{Sax,G (2570)-Van der Wiel,J (2515) Amsterdam 1983 1/2-1/2}) 8... Ne7 9. d3 (9.
Re1 O-O 10. d3 Nf6 11. Bd2 Re8 12. Nb5 Bb8 13. d4 a6 14. Nc3 cxd4 15. Nxd4 Ba7
16. Be3 Qd7 17. Kh1 Bb6 18. Qd3 Ba5 19. Nb3 Bxc3 20. Qxc3 Ne4 21. Qd3 Nf5 22.
Bg1 Re6 23. Rxe4 Rxe4 {Pattrick,E-Loftsson,J Las Vegas 1975 0-1 (35)}) 9... O-O
10. Ne2 Qc7 11. Qe1 Rae8 12. Nh4 Nf6 13. Qg3 Ng6 14. Nxg6 fxg6 15. Qf3 Qf7 16.
Nc3 Re7 17. Bd2 Rfe8 18. Rae1 d4 19. Nb5 Bb8 20. b3 a6 21. Na3 Nd5 22. Rxe7 {
Hicks,E-James,H Napier 1912 1/2-1/2 (44)}) (7... Be7 8. d4 Ngf6 9. dxc5 Bxc5+
10. Kh1 O-O 11. Nc3 Nb6 12. b3 Re8 13. Bb2 Ng4 14. Qd2 Be3 15. Qd3 Nf2+ 16.
Rxf2 Bxf2 17. Nb5 a6 18. Rf1 axb5 19. Rxf2 Rxa2 20. Qc3 Qf6 21. Qxf6 gxf6 22.
Bxf6 {Boric,M-Subramaniam,S Dubai 2004 0-1 (32)}) (7... Bd6 8. d4 $15) 8. Re1+
$11 Be7 9. Qe2 Nb8 10. Ne5 (10. Qb5+ $142 $5 Nbd7 11. Qxb7 $11) 10... O-O $17
11. d3 Bd6 12. Nc3 a6 (12... Re8 $142 $5 13. Nb5 Bf8 $17) 13. Qf3 Bc7 (13...
Nc6 14. Nxc6 (14. Nxd5 $4 Bxe5 15. Nxf6+ Bxf6 $19) 14... bxc6 15. b3 $11) 14.
Bd2 (14. Be3 Bd6 $16) 14... Qd6 (14... Nc6 15. Nxc6 bxc6 16. Re2 $11) 15. Re2 (
15. g4 d4 16. Qxb7 dxc3 17. bxc3 $18) 15... Nbd7 (15... Nc6 16. Nxc6 bxc6 17.
Rae1 $11) 16. Rae1 $14 Rae8 $4 (16... b5 $14) 17. Nxd7 (17. Nxd5 $142 Nxe5 18.
fxe5 Qxd5 19. exf6 Qxf3 20. gxf3 Rxe2 21. Rxe2 $18) 17... Qxd7 $11 18. h3 Rxe2
19. Rxe2 Qd6 (19... Rd8 20. g4 h6 21. Kg2 $11) 20. b3 (20. g4 d4 21. Ne4 Nxe4
22. Qxe4 b5 $14) 20... Rd8 21. g3 Kf8 22. Kg2 Re8 23. Rxe8+ Kxe8 24. Na4 b6 25.
f5 Kd8 26. Bf4 Qe7 27. Bxc7+ (27. Bd2 Qe5 $11) 27... Kxc7 28. Qf4+ Kc6 29. Kf2
Nd7 30. Nc3 Qe5 (30... Qd6 31. Qa4+ Kb7 32. Qg4 $11) 31. Qxe5 $11 Nxe5 32. Ne2
c4 (32... d4 33. g4 $11) 33. d4 cxb3 34. axb3 (34. dxe5 b2 35. Nc3 $11) 34...
Nd7 $11 35. Ke3 a5 36. Kd3 (36. g4 Nf6 $15) 36... b5 1/2-1/2

[Event "Oregon Open"]
[Site "?"]
[Date "1978.09.04"]
[Round "5"]
[White "Svoboda, T."]
[Black "Bailey, B."]
[Result "1-0"]
[WhiteElo "1624"]
[BlackElo "1798"]
[Annotator "Stockfish 12 (15s)"]
[PlyCount "41"]

{D20: Queen's Gambit Accepted: 3 e3 and 3 e4} 1. d4 d5 2. c4 dxc4 3. Nc3 e6 4.
e4 c5 5. d5 exd5 (5... Nf6 6. Bg5 Be7 7. Nf3 exd5 8. exd5 O-O 9. Bxc4 h6 10.
Bxf6 Bxf6 11. O-O Bg4 12. h3 Bxf3 13. Qxf3 Nd7 14. Rad1 a6 15. d6 b5 16. Bb3
Kh8 17. Rfe1 Nb6 18. Ne4 Bd4 19. g4 Qd7 20. g5 {
Agdestein,S (2571)-Kiselev,G (2437) Alta 2003 1-0}) 6. exd5 (6. Nxd5 Bd6 7.
Bxc4 Nc6 8. Nf3 h6 9. e5 Bb8 10. Be3 b6 11. Qa4 Bb7 12. O-O-O Qc8 13. Rd2 Nge7
14. Nf4 O-O 15. e6 f6 16. Rd7 a6 17. Nd5 b5 18. Qc2 bxc4 19. Rxe7 {
1-0 (19) Kortschnoj,V (2607)-Bogdanovich,S (2190) Odessa 2006}) 6... Bd6 7.
Bxc4 Qe7+ $2 $146 (7... Ne7 8. Nf3 O-O 9. O-O Bf5 10. Re1 Nd7 11. Bg5 Nb6 12.
b3 h6 13. Bh4 a6 14. Ne4 Bxe4 15. Rxe4 Qd7 16. Qd2 Nf5 17. Rae1 Rfe8 18. g4
Nxh4 19. Nxh4 Rxe4 20. Rxe4 Re8 21. Qe3 Rxe4 22. Qxe4 {
Toulzac,P (2284)-Lupu,M (2456) France 2005 1/2-1/2 (53)}) (7... a6 8. a4 Ne7 9.
Nge2 O-O 10. O-O Ng6 11. f4 f5 12. b3 Nd7 13. Bb2 Nf6 14. Qd3 Kh8 15. Rae1 Bd7
16. g3 Qa5 17. Bc1 Ne4 18. Nxe4 fxe4 19. Qc3 Qc7 20. a5 Bh3 21. Rf2 Rae8 22.
Be3 {Rubinstein,A-Pokorny,A Maehrisch Ostrau 1923 1/2-1/2 (72)}) (7... Ne7 $5
$14) 8. Qe2 (8. Nge2 Nf6 9. Nb5 O-O 10. Nxd6 Qxd6 $18) 8... Qxe2+ $16 9. Ngxe2
(9. Kxe2 $6 Nd7 $11) (9. Ncxe2 $143 Nd7 10. Nf3 Nb6 $15) 9... a6 $2 (9... Nd7
10. Bf4 Bxf4 11. Nxf4 $16) 10. a4 (10. Ne4 $142 Be5 11. Bf4 $18) 10... b6 $4 (
10... Nd7 $142 11. Ne4 Be5 $16) 11. Ne4 $18 Be7 (11... Be5 12. f4 Bc7 13. O-O
$18) 12. d6 Bb7 13. N2c3 (13. dxe7 $6 Bxe4 14. Bf4 Nxe7 $18) 13... f5 (13...
Bd8 14. O-O Kd7 15. a5 Bxe4 16. Nxe4 $18) 14. Ng5 (14. Nxc5 $142 $5 bxc5 15.
dxe7 Nc6 $18) 14... Bxg5 15. Bxg5 Nd7 (15... h6 16. Be3 Nf6 $18) 16. O-O-O Ngf6
17. Rhe1+ Kd8 18. Re7 Bc6 (18... h6 19. Bxf6 gxf6 $18) 19. Rxg7 Kc8 20. Bxf6
Nxf6 21. Rc7+ (21. Rc7+ Kd8 22. Rxc6 $18) 1-0

[Event "Oregon Open"]
[Site "?"]
[Date "1978.09.04"]
[Round "6"]
[White "Bailey, B."]
[Black "Russell, S."]
[Result "1-0"]
[WhiteElo "1798"]
[BlackElo "1269"]
[Annotator "Stockfish 12 (20s)"]
[PlyCount "69"]

{C19: French: 3 Nc3 Bb4: Main line: 7 Nf3 and 7 a4} 1. e4 e6 2. d4 d5 3. Nc3
Bb4 4. e5 c5 5. Nf3 Nc6 6. a3 Bxc3+ 7. bxc3 Nge7 8. Bd3 Bd7 9. O-O Qc7 10. Re1
c4 11. Bf1 O-O-O (11... h5 12. Ng5 Nf5 13. a4 Na5 14. Be2 g6 15. Bd2 Bc6 16.
Qc1 Qe7 17. Nh3 Qd7 18. Qa3 O-O-O 19. Bg5 b6 20. g3 Rhg8 21. Bf1 Bb7 22. Nf4
Rde8 23. Bg2 Nc6 24. Qb2 Nb8 25. h3 Qc7 26. g4 {
Agdestein,S (2630)-Hansen,S Hammerfest 1993 1-0 (44)}) (11... Qa5 12. Bd2 Qa4
13. Qe2 Qxc2 14. a4 h6 15. Rec1 Qf5 16. a5 O-O 17. h4 b6 18. axb6 axb6 19. Rab1
Rfb8 20. Nh2 Na5 21. g4 Qh7 22. Be3 Nb3 23. Rc2 Ra4 24. h5 Rba8 25. Rbb2 Ra1
26. Kg2 {Duran Trujillo,R-Pinango,A Barquisimeto 2004 1/2-1/2 (67)}) 12. Ng5
Rdf8 13. a4 $146 (13. f4 h6 14. Nf3 f6 15. a4 g5 16. g3 gxf4 17. exf6 Ng6 18.
Ne5 Rxf6 19. gxf4 Nxf4 20. Kh1 Nxe5 21. Rxe5 Ng6 22. Rh5 Rhf8 23. Bg2 Nf4 24.
Re5 Nxg2 25. Kxg2 Be8 26. Be3 Bg6 27. h4 Be4+ {
Autowicz,Z-Sarwinski,M Warsaw 1979 0-1}) 13... h6 14. Nf3 f6 (14... f5 15. exf6
Rxf6 16. Ba3 $11) 15. Ba3 (15. a5 Rf7 16. Ba3 fxe5 17. dxe5 Nf5 $16) 15... fxe5
(15... Rf7 $5 16. a5 Nxa5 $16) 16. Nxe5 Rf6 17. g3 (17. Nxd7 $6 Qxd7 18. a5 a6
$11) 17... g5 18. Nxc6 (18. a5 $142 $5 $18) 18... Nxc6 $14 19. Bg2 Rh7 (19...
h5 20. Bc1 Rf5 21. h3 $11) 20. Re3 h5 21. Rf3 (21. h3 $142 $14) 21... Rff7 $4 (
21... Rxf3 $142 22. Qxf3 g4 $14) 22. Rxf7 $18 Rxf7 23. Qxh5 Be8 (23... Nd8 24.
Bc1 Qa5 25. Bd2 $18) 24. Qxg5 Rg7 (24... Qa5 25. Qe3 Bd7 26. Bd6 $18) 25. Qf6
Nd8 26. Bd6 $1 Qd7 (26... Qxd6 27. Qe5 {Decoy Double attack} (27. Qxg7 {
Deflection})) 27. Be5 Rf7 28. Qg5 Rf5 29. Qe3 Qh7 30. h4 Rh5 (30... Bd7 31. Bh3
$18) 31. Bf3 Rf5 32. Bg4 Rf7 (32... Nc6 33. a5 $18) 33. Bf4 Qxc2 (33... Qe4 34.
Qxe4 dxe4 $18) 34. Bxe6+ Nxe6 35. Qxe6+ (35. Qxe6+ Kd8 36. Qxd5+ Bd7 37. Qg5+
Re7 38. Re1 Qh7 39. Bd6 Qf5 40. Qxe7+ Kc8 41. Re5 Qb1+ 42. Kh2 b6 43. Qf8+ Kb7
44. Re7 Kc6 45. Bf4 Qg1+ 46. Kxg1 b5 47. Qf6+ Kb7 48. Rxd7+ Kc8 49. Qc6#) 1-0

[Event "Christmas Congress"]
[Site "?"]
[Date "1978.12.29"]
[Round "1"]
[White "Gupton, G."]
[Black "Bailey, B."]
[Result "1-0"]
[WhiteElo "1543"]
[BlackElo "1786"]
[Annotator "Stockfish 12 (15s)"]
[PlyCount "43"]

{C94: Closed Ruy Lopez: Breyer Variation with 10 d3} 1. e4 e5 2. Nf3 Nc6 3. Bb5
a6 4. Ba4 Nf6 5. O-O b5 6. Bb3 Be7 7. Re1 O-O 8. c3 d6 9. h3 Nb8 10. d3 Bb7 11.
Be3 (11. Nbd2 Nbd7 {1/2-1/2 (11) Borisek,J (2445)-Zaja,I (2427) Celje 2003})
11... Nbd7 12. Nbd2 d5 $146 (12... c5 13. Qe2 (13. Nf1 Qc7 14. Ng3 Rfe8 15. Qe2
Rac8 16. Rad1 Bf8 17. Ng5 c4 18. dxc4 bxc4 19. Bc2 g6 20. h4 h6 21. Nh3 Nc5 22.
Qf3 Qe7 23. h5 g5 24. Nf5 Qd8 25. Nxg5 hxg5 26. Bxg5 Ne6 27. Bh4 Nf4 {
Gushuliak,J-Milord,F Winnipeg 1998 1-0 (33)}) 13... Qc7 14. Nf1 d5 15. exd5
Nxd5 16. Bd2 Bd6 17. Ng5 N7f6 18. Ng3 Qc6 19. N5e4 Bc7 20. Nf5 Kh8 21. Qf3 Nxe4
22. dxe4 Nf6 23. Bc2 Nd7 24. Bg5 f6 25. Be3 c4 26. Rad1 Rf7 27. Rd2 {
Matejov,J (2200)-Majzlan,I (2200) Piestany 1985 1/2-1/2 (49)}) (12... c6 13. d4
c5 14. d5 c4 15. Bc2 Nc5 16. Bxc5 dxc5 17. Nxe5 Qc7 18. Ng4 Bc8 19. Nxf6+ Bxf6
20. Nf3 Be5 21. Nxe5 Qxe5 22. Qd2 Rd8 23. f4 Qd6 24. Bd1 Bb7 25. Bf3 Qd7 26.
Rad1 Re8 27. Qf2 {Marchesotti,G (1501)-Elsido,M (1582) Crema 2003 1/2-1/2 (49)}
) 13. Bc2 c5 14. d4 $2 (14. a4 $142 $11) 14... dxe4 $4 (14... exd4 $142 15.
cxd4 dxe4 $19) 15. Nxe5 $16 c4 (15... cxd4 16. Bxd4 Nxe5 17. Bxe5 $18) 16. Bg5
(16. Nxd7 $5 Nxd7 17. Bxe4 Bxe4 18. Nxe4 f5 $18) 16... Nxe5 17. dxe5 Nd5 (17...
Nd7 18. Bf4 e3 19. Rxe3 $18) 18. Bxe7 $18 Qxe7 19. Bxe4 g6 $2 (19... Rad8 $142
$5 20. Qh5 g6 $18) 20. Bxd5 (20. Qf3 $142 $5 Rad8 21. Rad1 Qxe5 $18) 20... Bxd5
21. Ne4 (21. Qg4 $5 Rad8 22. Rad1 Bb7 $18) 21... Qxe5 $4 (21... Bxe4 $142 22.
Rxe4 Rad8 $16) 22. Qxd5 $3 (22. Qxd5 Qxd5 23. Nf6+ Kg7 24. Nxd5 $18) 1-0